Daily Capital City Riddle #57 - Statistics

General Stats
  • This quiz has been taken 48 times
  • The average score is 29 of 31
Answer Stats
Type Answer % Correct
Alphabet Letter A
100%
Alphabet Letter I
100%
Alphabet Letter S
100%
Alphabet Letter P
97%
Alphabet Letter U
97%
Alphabet Letter B
95%
Alphabet Letter D
95%
Alphabet Letter G
95%
Alphabet Letter K
95%
Alphabet Letter L
95%
Alphabet Letter N
95%
Found Letter O
95%
Found Letter R
95%
Alphabet Letter T
95%
Alphabet Letter V
95%
Alphabet Letter W
95%
Alphabet Letter Y
95%
Alphabet Letter C
92%
Found Letter E
92%
Alphabet Letter H
92%
Alphabet Letter J
92%
Correctly Placed Letter M
92%
Found Letter M
92%
Correctly Placed Letter O
92%
Correctly Placed Letter R
92%
Correctly Placed Letter E
89%
Alphabet Letter F
89%
Alphabet Letter Q
89%
Mystery Capital Rome
89%
Alphabet Letter X
89%
Alphabet Letter Z
89%
No matching quizzes found
Score Distribution
Percent of People with Each Score
Percentile by Number Answered
Your Score History
You have not taken this quiz